| 000 | 00456nam a2200193Ia 4500 | ||
|---|---|---|---|
| 008 | 210210b1965 xxu||||| |||| 00| 0 eng d | ||
| 041 | _aeng | ||
| 082 | _a513/135 | ||
| 100 | _aPROFESSOR | ||
| 245 | _aRefresher course in differential calculus | ||
| 260 |
_aDelhi _bS. Chand & Co. Ltd. _c1965 |
||
| 650 | _aRefresher | ||
| 650 | _ain | ||
| 650 | _adifferential | ||
| 650 | _acourse | ||
| 650 | _acalculus | ||
| 690 | _aCalculus | ||
| 906 | _a007415 | ||
| 999 |
_c139906 _d139906 |
||